000 004050000a22000970004500
245 1 0 _aReports of "resident missionaries"
300 _aVol.85, núm.1 (March-June, 2005), Páginas 14-15
500 _aEditor's note - this simple compilation of excerpts from recent reports from LAM Missionaries is illustrative of the outreach of the Latin America Mission.
773 0 _tLatin America Evangelist
942 _cANA
999 _c60525
_d60525